000 00586nam a22001937a 4500
003 OSt
008 260504b |||||||| |||| 00| 0 eng d
082 _a635.652
_bC35S
100 _aChoudhary, Arun Kumar.
245 _aStudied on Effect of Nutrient, Plantdensity and Irrigation on Growth and Yield of Rajmash (Phaseolus vulgaris L.) in Bihar Plain /
_cby Arun Kumar Choushary
260 _a.- Pusa, Samastipur
_b: RAU
_c, 1995
300 _a189p.
502 _bPh. D.
_d1995
650 _aAgronomy
650 _aRajmash
650 _aThesis
650 _aPh. D.
942 _2ddc
_cT
999 _c50405
_d50405